[Event "2nd Thailand Pattaya Open 2019"]
[Site "Pattaya"]
[Date "2019.10.29"]
[Round "8.5"]
[White "Yaniuk, Volodymyr"]
[Black "Mariano, Nelson III"]
[Result "0-1"]
[WhiteElo "2189"]
[BlackElo "2283"]
[Annotator "TA"]
[PlyCount "74"]
[EventDate "2019.10.23"]
[EventType "swiss"]
[EventCountry "THA"]
[SourceTitle "playchess.com"]
[Source "ChessBase"]
[SourceQuality "1"]

{[%evp 13,74,23,27,41,41,41,28,29,54,18,11,22,55,41,36,3,43,52,60,52,61,68,52,62,70,59,50,48,63,18,20,27,54,0,60,22,22,-16,12,6,0,20,22,-237,38,-236,-236,-237,-245,-221,-218,-347,-344,-329,-327,-5677,-359,-29973,-29974,-29995,-29996,-29998,-29999]} 1. d4 Nf6 2. c4 g6 3. Nc3 Bg7 4. e4 d6 5. Nf3 O-O 6. h3 e5 7. d5 Nh5 8. g3 {E90: King's Indian: Classical: Early deviations and 6 h3} f5 (8... Na6 9. Nh2 Nc5 10. Be3 a5 11. Be2 Nf6 12. Bf3 Ne8 13. g4 f5 14. gxf5 gxf5 15. exf5 Bxf5 16. Bxc5 dxc5 {½-½ (79) Postny,E (2623)-Guseinov,G (2664) chess.com INT 2019}) 9. exf5 gxf5 10. Nh4 {White has an edge.} Nf6 11. Bd3 e4 12. Be2 a5 13. Be3 Na6 14. Qc2 $146 ({Predecessor:} 14. Qd2 Nc5 15. Ng2 Nfd7 {½-½ (33) Walczak,P (2485)-Yloenen,O (2471) ICCF email 2015}) 14... Nd7 {White must now prevent ...f4!} (14... Nb4 $5 {[%cal Rb4c2]} 15. Qd1 Nd7 $11) 15. Ng2 $1 Ne5 16. a3 Nc5 17. Nf4 Bd7 18. O-O-O Qe8 19. Kb1 Ned3 20. Nxd3 exd3 21. Rxd3 Nxd3 22. Bxd3 b6 23. Ne2 (23. h4 $14) 23... Ba4 (23... b5 $11) 24. b3 {[%mdl 1024] White has compensation.} Bd7 25. Re1 Qe7 26. a4 Rae8 $36 {[%mdl 2048] Black fights for an advantage.} 27. Ka2 Qf6 28. Rg1 $2 {[%mdl 8192] [#]} (28. Nf4 $11 {and White stays safe.}) 28... Kh8 $2 (28... Rxe3 $1 $19 {[%mdl 512]} 29. fxe3 Re8) 29. h4 $2 {[%mdl 8192] [#]} (29. Bd2 $14) 29... Rxe3 $1 $19 {[%mdl 512]} 30. fxe3 Re8 31. Rf1 {intending e4.} Rxe3 32. Nf4 (32. Rb1 $142) 32... Qd4 33. Rd1 Qe5 34. Bf1 $2 (34. Qc1) 34... Rc3 $2 (34... Re1 {( -> ...Qa1+!)} 35. Rxe1 Qxe1 {[%mdl 64] Double Attack}) 35. Qd2 $2 {[#]} (35. Qe2 $19 Rxg3 36. Qxe5 Bxe5 37. Nd3) 35... Bxa4 $1 {[%mdl 512] Black mates.} 36. Re1 (36. bxa4 Qe8) 36... Bxb3+ {[%mdl 64] Double Attack} 37. Kb1 {[#]} Rc1+ $1 {[%mdl 576] Back Rank. Accuracy: White = 30%, Black = 51%.} 0-1

[Event "2nd Thailand Pattaya Open 2019"]
[Site "Pattaya"]
[Date "2019.10.29"]
[Round "8.6"]
[White "Turqueza, Mari Joseph"]
[Black "Wiwatanadate, Poompong"]
[Result "1-0"]
[WhiteElo "2317"]
[BlackElo "2043"]
[Annotator "TA"]
[PlyCount "91"]
[EventDate "2019.10.23"]
[EventType "swiss"]
[EventCountry "THA"]
[SourceTitle "playchess.com"]
[Source "ChessBase"]
[SourceQuality "1"]

{[%evp 12,91,26,14,30,5,0,5,4,12,15,0,31,3,5,0,1,-1,-1,0,0,-6,5,0,48,60,238,223,215,139,175,142,179,176,202,205,212,208,226,221,338,345,381,362,370,366,373,370,364,366,369,350,437,422,455,450,496,498,678,666,661,650,608,611,711,539,712,712,702,678,799,795,884,884,838,845,1063,1063,1027,1028,956,933]} 1. d4 Nf6 2. c4 e6 3. g3 d5 4. Nf3 Be7 5. Bg2 O-O 6. O-O dxc4 7. Qc2 b6 {E05: Open Catalan: 5 Nf3 Be7} (7... a6 8. a4 Bd7 9. Qxc4 Bc6 10. Bf4 Bd6 11. Qc1 Nbd7 12. Re1 Qe7 13. Nc3 Bxf3 14. Bxf3 Bxf4 15. Qxf4 c6 16. a5 Rad8 17. Red1 e5 18. Qe3 {0-1 (76) Ding,L (2811)-Radjabov,T (2758) Khanty-Mansiysk 2019}) 8. Rd1 Bb7 9. Qxc4 c5 {The position is equal.} 10. Nc3 {[%cal Bb1c3,Bc3b5,Bb5d4,Bd4c6][%mdl 32]} Qc8 11. Bg5 cxd4 12. Qxc8 Rxc8 13. Nb5 $146 ({Predecessor:} 13. Nxd4 Bxg2 14. Kxg2 Nc6 15. Nxc6 Rxc6 16. Rac1 {½-½ (40) Enkhtuul,A (2154)-Nguyen Thi Mai,H (2309) Tagaytay City 2011}) 13... Nbd7 14. Nbxd4 Nc5 15. Ne5 Bxg2 16. Kxg2 Na4 17. Ndc6 $36 {[%mdl 2048] White has some pressure.} Bf8 18. Rd4 $1 {[%cal Rd4a4]} Ne8 $2 {[#]} (18... h6 $1 $14) 19. Rxa4 $18 f6 20. Rd1 ({Don't do} 20. Nxa7 $6 Rc7 $16) 20... fxe5 21. Nxe5 Rc5 {[#]} 22. Nf3 $1 Rc2 23. Rd2 Rxd2 24. Bxd2 Bd6 25. Be3 Rc8 (25... Nc7 {was worth a try.} 26. Bd4 h6) 26. Rxa7 Rc2 27. Ra8 Kf8 28. b3 Bc5 {Now ...Bxe3 and Black clings on.} 29. Nd4 Bxd4 30. Bxd4 {[%mdl 4096] Endgame KRB-KRN} b5 31. e3 Kf7 32. a4 {White is clearly winning.} bxa4 33. bxa4 Nd6 34. a5 Ne4 35. a6 Rxf2+ 36. Kg1 Ra2 37. a7 Ng5 {intending ...Nf3+.} 38. Kf1 Nf3 39. Bc5 Nxh2+ 40. Ke1 Kg6 41. Rf8 Ra1+ 42. Ke2 Ra2+ 43. Kd3 e5 44. a8=Q Rxa8 45. Rxa8 Nf1 46. Ra1 {Accuracy: White = 75%, Black = 25%.} 1-0

[Event "2nd Thailand Pattaya Open 2019"]
[Site "Pattaya"]
[Date "2019.10.30"]
[Round "9.1"]
[White "Gomez, John Paul"]
[Black "Severino, Sander"]
[Result "1-0"]
[WhiteElo "2433"]
[BlackElo "2363"]
[Annotator "TA"]
[PlyCount "83"]
[EventDate "2019.10.23"]
[EventType "swiss"]
[EventCountry "THA"]
[SourceTitle "playchess.com"]
[Source "ChessBase"]
[SourceQuality "1"]

{[%evp 12,83,34,23,28,16,18,5,8,8,0,6,20,8,16,-10,27,0,50,47,69,72,58,62,60,61,114,86,152,132,131,131,131,131,131,129,129,128,138,127,148,129,138,112,107,0,138,136,163,163,159,120,113,109,85,104,102,85,222,274,262,221,221,204,186,169,151,148,659,669,663,618,925,915]} 1. e4 c6 2. d4 d5 3. e5 Bf5 4. Nf3 e6 5. Be2 Nd7 6. O-O Ne7 7. Nbd2 {[%cal Bb1d2,Bd2f1,Bf1g3,Bg3e2,Be2f4][%mdl 32]} Nc8 {B12: Caro-Kann: Advance Variation} 8. Re1 Be7 9. Nf1 O-O {The position is equal.} 10. Ng3 Bg6 11. Bd3 c5 12. c3 a6 $146 ({Predecessor:} 12... c4 13. Bc2 b5 14. Ne2 Re8 15. Nf4 {1-0 (43) Ter Sahakyan,S (2611)-Nguyen,V (2456) Bhubaneswar 2019}) 13. Ne2 Na7 14. Nf4 Nc6 (14... Bxd3 {seems wilder.} 15. Qxd3 Rc8 16. Be3 Nc6 17. Qe2 Qc7) 15. Nxg6 fxg6 16. Be3 cxd4 17. Nxd4 Nxd4 18. cxd4 Rf7 ({Black should play} 18... Nb8 $14) 19. g3 Nf8 (19... Bb4 $142) 20. Rc1 Bb4 21. Re2 Rc7 22. Rxc7 Qxc7 23. Qa4 Be7 24. Rc2 Qb6 25. a3 Qa7 26. Rc3 Bd8 27. Qb4 Qb6 28. Qa4 Qa7 $1 29. h4 Bb6 30. Qb4 Bd8 31. Bg5 Bb6 32. Kg2 Bxd4 33. Rc7 {[#] aiming for Bf6!} Bxe5 34. Be3 Bxc7 (34... Qb8 $16 35. Rxb7 Qd8) 35. Bxa7 $18 Rxa7 36. Qc5 b6 {[#]} 37. Qc6 $1 {[%mdl 1024] White has strong compensation.} a5 38. f4 Bd8 39. Qc8 $36 {[%mdl 2048] White is in control.} Rd7 $2 {[%mdl 8192]} (39... Bc7 $16 40. h5 gxh5) 40. Bb5 {White is clearly winning.} Rd6 41. Qb7 h6 42. Be8 {Accuracy: White = 52%, Black = 44%.} 1-0

[Event "2nd Thailand Pattaya Open 2019"]
[Site "Pattaya"]
[Date "2019.10.30"]
[Round "9.2"]
[White "Kulpruethanon, Thanadon"]
[Black "Pascua, Haridas"]
[Result "0-1"]
[WhiteElo "2216"]
[BlackElo "2425"]
[Annotator "TA"]
[PlyCount "96"]
[EventDate "2019.10.23"]
[EventType "swiss"]
[EventCountry "THA"]
[SourceTitle "playchess.com"]
[Source "ChessBase"]
[SourceQuality "1"]

{[%evp 12,96,16,24,31,28,24,23,15,18,11,2,14,0,20,8,30,30,50,34,41,19,20,0,0,0,0,-104,-97,-203,-204,-196,-196,-199,-195,-208,-208,-264,-264,-315,-304,-275,-222,-204,-219,-277,-267,-272,-198,-543,-542,-526,-518,-467,-285,-440,-432,-398,-423,-508,-421,-416,-360,-851,-780,-806,-715,-1044,-1014,-997,-974,-859,-742,-595,-533,-1225,-1109,-3018,-2543,-29977,-29978,-29977,-29978,-29987,-29988,-29997,-29998]} 1. e4 e5 2. Nf3 Nc6 3. d4 exd4 4. Nxd4 Bc5 5. Nb3 Bb6 6. Nc3 d6 7. Qe2 Nf6 {C45: Scotch Game} (7... Nge7 8. Be3 O-O 9. O-O-O f5 10. f4 fxe4 11. g3 Bxe3+ 12. Qxe3 Nf5 13. Bc4+ Kh8 14. Qe2 e3 15. Rhf1 {1-0 (39) Navara,D (2739)-Laznicka,V (2670) Prague 2019}) 8. Be3 Qe7 9. f3 Be6 {White has an edge.} 10. O-O-O O-O-O 11. Bxb6 axb6 12. Nd4 Nxd4 13. Rxd4 Rhe8 14. Qd2 $146 ({Predecessor:} 14. Qf2 Nd7 {1-0 (36) Carroll,P (2032)-Camp,I (1850) Dublin 2019}) 14... h5 15. Bc4 Kb8 16. Bxe6 fxe6 17. e5 dxe5 18. Rxd8+ Rxd8 19. Qe3 (19. Qg5 $11) 19... Nd5 $1 $17 {[%cal Rd5e3]} 20. Qxe5 (20. Nxd5 $17 exd5 21. a3) 20... Nxc3 $19 {[%mdl 64] Overworked Piece} 21. Qxc3 $17 {[%mdl 4096] Endgame KQR-KQR} Qg5+ {[%mdl 64] Double Attack} 22. Kb1 Qxg2 23. Re1 Qxh2 {Hoping for ...h4.} 24. a3 Qg3 25. Re4 Rf8 26. Rxe6 h4 {And now ...h3 would win.} (26... Rxf3 27. Re8+ Ka7 28. Qd4 $19) 27. Re7 g5 (27... Rxf3 28. Re8+ Ka7 29. Qd4 $1 $17 {[%mdl 512]}) 28. Qe5 Qxe5 ({But not} 28... Qxf3 29. Qxc7+ Ka7 30. Ka2 $19) ({Inferior is} 28... Rxf3 29. Re8+ Ka7 {[#]} 30. Ra8+ $1 {[%mdl 512]} Kxa8 31. Qe8+ Ka7 32. Qa4+ Kb8 33. Qe8+ Ka7 34. Qa4+ Kb8 35. Qe8+ Ka7 $11) 29. Rxe5 $19 {KR-KR} Rg8 {White must now prevent ...h3.} ({Much less strong is} 29... Rxf3 30. Rxg5 h3 31. Rh5 $17) 30. Re2 $2 (30. Re1 {was the crucial defense.}) 30... Kc8 31. Kc1 Kd7 32. Kd2 Rg6 33. Rg2 (33. Rh2 $142 Rf6 34. Ke3) 33... Ke6 34. Ke3 Kf5 35. Rg4 Rd6 36. Rg1 Rc6 37. Rg2 $2 (37. c3) 37... h3 38. Rh2 Rh6 39. a4 Rh4 40. b3 c6 41. c3 Ke5 42. b4 Kf5 43. a5 b5 44. Kf2 Kf4 45. Kg1 Kxf3 {Black mates.} 46. Rd2 Re4 47. Rd7 g4 48. Rxb7 Re1+ {Accuracy: White = 20%, Black = 78%.} 0-1

[Event "2nd Thailand Pattaya Open 2019"]
[Site "Pattaya"]
[Date "2019.10.30"]
[Round "9.3"]
[White "Schebler, Gerhard"]
[Black "Saptarshi, Roy"]
[Result "1/2-1/2"]
[WhiteElo "2398"]
[BlackElo "2456"]
[Annotator "TA"]
[PlyCount "126"]
[EventDate "2019.10.23"]
[EventType "swiss"]
[EventCountry "THA"]
[SourceTitle "playchess.com"]
[Source "ChessBase"]
[SourceQuality "1"]

{[%evp 9,126,39,54,56,87,0,0,0,0,-8,0,0,-3,-10,-7,-1,0,0,29,27,40,32,76,65,66,74,54,10,28,0,0,0,0,-42,-13,-18,-26,-33,-23,-50,-45,-50,-27,-52,-50,-50,-41,-53,-57,-57,0,-40,-43,-35,-45,-54,-21,-24,0,-51,-36,-33,-40,-91,-91,-91,-91,-91,-91,-91,-91,-91,-77,-88,-51,-51,-51,-83,-83,-83,0,-51,-51,-76,-51,-51,-8,-8,-8,-8,-8,-8,-8,-8,-8,-8,-8,-8,-8,-91,-8,-8,0,-42,-42,-42,-42,-42,-42,-42,-43,-43,-43,-63,-63,-99,-99,-99,-99]} 1. e4 e5 2. Nf3 Nc6 3. Nc3 Nf6 4. d4 Bb4 5. Nxe5 O-O 6. Qd3 {C47: Scotch Four Knights and Four Knights with 4 g3} d5 (6... Re8 7. Nxc6 bxc6 8. Be2 Nxe4 9. O-O Bxc3 10. bxc3 d5 11. Bf3 Bf5 12. Bxe4 Bxe4 13. Qd1 Qd6 14. f3 Bf5 15. Bg5 Qg6 16. Qd2 Bxc2 17. Bf4 Re7 18. Rfe1 Rae8 19. Rxe7 Rxe7 20. Re1 Rxe1+ {½-½ (20) Zelcic,R (2501)-Ragger,M (2657) Katowice 2017}) 7. exd5 (7. Nxc6 $16 bxc6 8. e5) 7... Qxd5 $11 8. Nxc6 {The position is equal.} Qxc6 9. a3 {[#]} Bf5 $1 {[%mdl 512]} 10. Qc4 $1 {[%cal Rc4c6] Black must now prevent Qxc6.} (10. Qxf5 Bxc3+) 10... Bxc3+ $146 ({Predecessor:} 10... Qe4+ 11. Qe2 Bxc3+ 12. bxc3 Qc6 13. Qc4 Qe4+ 14. Qe2 Qc6 {½-½ (14) Kucera,P (2390)-Kozak,M Litomerice 1990}) 11. Qxc3 Qxc3+ 12. bxc3 Bxc2 13. f3 Rfe8+ 14. Kf2 c6 15. a4 a5 16. Ra2 Bb3 17. Ra3 $1 {[%cal Ra3b3]} Be6 18. Be2 Nd5 19. Bd2 Nb6 $1 $36 {[%mdl 2048] Black has the initiative.} 20. Rb1 Bc4 21. Bf1 (21. Bd1 {is interesting.} Ra6 22. Bc1 Bd3 23. Rbb3 Re7 24. Ra1) 21... Bxf1 22. Rxb6 Bc4 {[#] ...Re2+ is the strong threat.} 23. Be3 Re7 24. Ra1 Rae8 25. Re1 Bd3 26. Rb2 f6 27. h4 Kf7 28. g4 Bc4 29. Rbb1 Bd3 30. Rb2 Ba6 31. Rbb1 Bc4 32. Ra1 Bd3 33. Rad1 Bc4 34. Ra1 (34. Rb1 $11) 34... h6 35. h5 Re6 36. Bf4 (36. Rab1 $15) 36... Rxe1 $17 37. Rxe1 Rxe1 38. Kxe1 {[%mdl 4096] Endgame KB-KB} b5 39. axb5 cxb5 40. Bd6 a4 41. Kd2 Be6 42. Ke3 Bd5 43. Bb4 Ke6 44. Bf8 Bc4 (44... f5 $17) 45. Ke4 (45. Kd2 $1 $11) 45... Bb3 46. Ke3 Bd1 47. Ke4 f5+ 48. gxf5+ Kf6 49. d5 Bc2+ 50. Kd4 Bxf5 51. c4 bxc4 52. Kxc4 Bd7 53. Kb4 Be8 54. f4 (54. d6 $1 $11 {keeps the balance.}) 54... Kf7 ({Better is} 54... Bxh5 $17 55. Kxa4 Be8+ 56. Kb4 h5) 55. Bc5 $11 Bd7 56. Bd4 g6 57. hxg6+ Kxg6 58. Bb6 Kf5 59. Ka3 h5 60. Bd8 Kxf4 61. Kb2 Ke5 62. Ka1 Kxd5 63. Be7 Ke4 {Accuracy: White = 60%, Black = 61%.} 1/2-1/2

[Event "2nd Thailand Pattaya Open 2019"]
[Site "Pattaya"]
[Date "2019.10.30"]
[Round "9.4"]
[White "Quizon, Daniel"]
[Black "Turqueza, Mari Joseph"]
[Result "1/2-1/2"]
[WhiteElo "2329"]
[BlackElo "2317"]
[Annotator "TA"]
[PlyCount "29"]
[EventDate "2019.10.23"]
[EventType "swiss"]
[EventCountry "THA"]
[SourceTitle "playchess.com"]
[Source "ChessBase"]
[SourceQuality "1"]

{[%evp 18,29,0,-28,-26,-8,-18,-43,0,0,0,-20,-28,-251]} 1. e4 c5 2. Nc3 Nc6 3. Nge2 g6 4. d4 cxd4 5. Nxd4 Bg7 6. Be3 Nf6 7. Nxc6 bxc6 8. e5 Ng8 9. Bd4 Qa5 10. e6 Nf6 {B34: Sicilian: Accelerated Dragon with 5 Nc3: sidelines} 11. exd7+ Bxd7 12. Bc4 (12. Qe2 O-O 13. O-O-O Bg4 14. f3 Be6 15. Qe5 Qb4 16. Qc5 Qb7 17. Qa5 Rab8 18. b3 {1-0 (44) Kabanov,N (2521)-Khismatullin,D (2613) Novokuznetsk 2008}) 12... Rd8 {[#] Hoping for ...Bg4.} (12... Bg4 $5 {[%cal Rg4d1]} 13. Qd3 Rd8 $11) 13. Qe2 Bh3 14. Bxf6 $146 ({Predecessor:} 14. O-O-O Bxg2 15. Rhe1 O-O 16. f3 Bh3 17. Qxe7 Nd5 18. Bxd5 Bxd4 19. Rxd4 cxd5 {1-0 (43) Trost,E (2069)-Santanna,P (1856) Barbera del Valles 2019}) 14... Bxf6 15. Qf3 $2 {[%mdl 32768] An unexpected result.} (15. O-O $1 $11 Bf5 16. Rae1) 1/2-1/2

[Event "2nd Thailand Pattaya Open 2019"]
[Site "Pattaya"]
[Date "2019.10.30"]
[Round "9.5"]
[White "Villamayor, Buenaventura"]
[Black "Pugachov, Ilia"]
[Result "1-0"]
[WhiteElo "2371"]
[BlackElo "2138"]
[Annotator "TA"]
[PlyCount "49"]
[EventDate "2019.10.23"]
[EventType "swiss"]
[EventCountry "THA"]
[SourceTitle "playchess.com"]
[Source "ChessBase"]
[SourceQuality "1"]

{[%evp 16,97,8,10,83,83,108,97,103,112,124,108,110,60,92,82,108,95,128,127,144,147,318,265,366,340,332,326,297,283,301,291,434,421,675,658,809,785,847,590,1174,1051,1251,1000,1983,1089,990,841,1916,1902,1736,1910,1792,1768,1604,1609,29990,29989,29989,29990,29988,29989,29989,29975,29975,2564,29976,29974,29974,29974,29974,29976,29976,29977,29976,29978,29970,1054,29979,1033,29981,29982,29981,29981]} 1. d4 Nf6 2. Nf3 e6 3. c4 d5 4. Nc3 Nbd7 5. e3 c6 6. Bd3 dxc4 7. Bxc4 b5 8. Be2 a6 9. e4 c5 {D47: Semi-Slav: Meran System} (9... b4 $11 {keeps the balance.} 10. e5 bxc3 11. exf6 Bb4) 10. e5 $16 cxd4 11. Qxd4 Bc5 {White is better.} 12. Qf4 (12. Qh4 Nd5 13. Qg3 Qb6 14. O-O Nxc3 15. bxc3 g6 16. a4 Bb7 17. Rb1 {1-0 (32) Aleksandrov,A (2589)-Michalik,P (2557) Katowice 2017}) 12... Nd5 13. Nxd5 exd5 14. O-O $40 {[%mdl 128] White attacks.} Nf8 15. Ng5 {[%csl Gg5][%cal Rf4f7]} Be6 $146 ({Predecessor:} 15... Ra7 16. Bh5 Ng6 17. Qg3 Bf5 18. e6 Bxe6 19. Nxe6 fxe6 20. Bxg6+ hxg6 21. Qxg6+ Kd7 22. Qxg7+ Kc6 23. Qg4 Bd6 {½-½ (23) Paus,F-Sehner,N (2390) Krefeld 1986}) 16. Bd3 Qe7 17. Bd2 Ng6 18. Qg3 Bd4 $2 (18... O-O $16 {was worth a try.}) 19. Rae1 $18 Qd7 20. Kh1 Ne7 21. Nxe6 ({Less strong is} 21. Bxh7 Bxb2 22. Nxe6 Qxe6 $16) 21... Qxe6 22. Qh4 ({But not} 22. Qxg7 $6 O-O-O $16) 22... Bb6 23. f4 {aiming for f5.} Bd8 (23... Qh6 {is a better defense.} 24. Qxh6 gxh6) 24. g4 Qc8 (24... Rc8 $142 25. f5 Nxf5 26. gxf5 Bxh4 27. fxe6 {[%mdl 64] Discovered Attack} fxe6) 25. e6 {Played: Qh4-h3} 1-0

[Event "2nd Thailand Pattaya Open 2019"]
[Site "Pattaya"]
[Date "2019.10.30"]
[Round "9.6"]
[White "Mariano, Nelson III"]
[Black "Khumnorkaew, Tupfah"]
[Result "1-0"]
[WhiteElo "2283"]
[BlackElo "2048"]
[Annotator "TA"]
[PlyCount "77"]
[EventDate "2019.10.23"]
[EventType "swiss"]
[EventCountry "THA"]
[SourceTitle "playchess.com"]
[Source "ChessBase"]
[SourceQuality "1"]

{[%evp 19,77,37,71,50,55,55,55,58,58,66,63,64,67,47,52,38,34,32,40,26,31,24,33,20,20,27,22,24,22,20,24,4,18,18,17,15,16,13,14,0,60,29,66,66,72,27,72,64,89,89,93,87,129,100,133,133,324,320,464,464]} 1. e4 c5 2. Nf3 d6 3. d4 cxd4 4. Nxd4 Nf6 5. Nc3 a6 6. Be3 Ng4 7. Bg5 h6 8. Bh4 g5 9. Bg3 Bg7 10. Be2 Ne5 11. Nf5 {B90: Sicilian Najdorf: Unusual White 6th moves, 6 Be3 Ng4 and 6 Be3 e5} (11. O-O Nbc6 12. Nf5 Bxf5 13. exf5 O-O 14. Nd5 e6 15. fxe6 fxe6 16. Ne3 d5 17. Bh5 Qb6 18. Rb1 Rad8 {0-1 (61) Akopian,V (2675)-Nepomniachtchi,I (2767) Doha 2016}) 11... Bxf5 $1 12. exf5 Nbd7 13. O-O $146 {White is slightly better.} ({Predecessor:} 13. h4 Rc8 14. hxg5 hxg5 15. Rxh8+ Bxh8 16. Nd5 Nc5 17. c3 Kf8 18. Kf1 Bf6 19. Nxf6 exf6 {1-0 (47) Bodnaruk,A (2372)-Nechaeva,M (2226) Moscow 2009}) 13... Rc8 14. Nd5 Nf6 15. Bxe5 dxe5 16. Nxf6+ Bxf6 17. Qxd8+ Rxd8 18. Bf3 b6 19. Be4 O-O 20. Rfd1 Rd4 21. f3 Rfd8 22. Rxd4 exd4 $11 {[%mdl 4096] Endgame KRB-KRB} 23. Bd3 a5 24. Re1 Rd6 25. Bc4 Kf8 26. b3 Rc6 27. a4 Rc5 28. Bd3 Be5 29. g3 f6 ({Black should try} 29... Bd6 $11) 30. Re4 Rc8 31. Kf1 Rd8 32. Ke2 Bc7 33. Bc4 Rd7 34. Be6 Rd8 35. Kd3 Be5 36. Kc4 Ke8 37. f4 gxf4 $2 {[#]} (37... d3 $16 {might work better.} 38. cxd3 Bb2 39. fxg5 hxg5) 38. gxf4 $18 Bc7 (38... Bb8 $142 39. Re2 (39. Rxd4 Rxd4+ 40. Kxd4 Bxf4 $14) 39... Rd6) 39. Re2 {Accuracy: White = 70%, Black = 33%.} 1-0